Project Appraisal document on a proposed credit in the amount of SDR 15.7 million (US$23.00 million equivalent to the republic of Zambia for a water sector performance improvement project (Record no. 55028)

MARC details
000 -LEADER
fixed length control field 00927nam a2200181 a 4500
008 - FIXED-LENGTH DATA ELEMENTS--GENERAL INFORMATION
fixed length control field 210915s2006 ||||||||||||||||| || u
050 ## - LIBRARY OF CONGRESS CALL NUMBER
Classification number IBRD(02)2006/10
110 ## - MAIN ENTRY--CORPORATE NAME
Corporate name or jurisdiction name as entry element International Bank for Reconstruction and Development (IBRD)
245 10 - TITLE STATEMENT
Title Project Appraisal document on a proposed credit in the amount of SDR 15.7 million (US$23.00 million equivalent to the republic of Zambia for a water sector performance improvement project
Statement of responsibility, etc. By the World Bank
260 ## - PUBLICATION, DISTRIBUTION, ETC.
Place of publication, distribution, etc. Lusaka
Name of publisher, distributor, etc. The International Bank for Reconstruction
Date of publication, distribution, etc. 2006
300 ## - PHYSICAL DESCRIPTION
Extent 95 pages : illustrations
500 ## - GENERAL NOTE
General note Includes Annex
650 ## - SUBJECT ADDED ENTRY--TOPICAL TERM
Topical term or geographic name entry element WATER SECTOR--MANAGEMENT
650 ## - SUBJECT ADDED ENTRY--TOPICAL TERM
Topical term or geographic name entry element WATER-SUPPLY, URBAN--ZAMBIA--FINANCE
650 ## - SUBJECT ADDED ENTRY--TOPICAL TERM
Topical term or geographic name entry element SANITATION, URBAN--ZAMBIA--FINANCE
650 ## - SUBJECT ADDED ENTRY--TOPICAL TERM
Topical term or geographic name entry element WATER QULALITY MANAGEMENT--ZAMBIA
995 ## - RECOMMENDATION 995 [LOCAL, UNIMARC FRANCE]
-- CBU-MAIN LIBRARY (Kitwe)
-- 1
-- AVAILABLE
-- Sep 15, 2021
-- International Publications
Holdings
Withdrawn status Lost status Source of classification or shelving scheme Damaged status Not for loan Home library Current library Shelving location Date acquired Total Checkouts Full call number Barcode Date last seen Price effective from Koha item type
          CBU-MAIN LIBRARY, KITWE. CBU-MAIN LIBRARY, KITWE.   11/30/2022   IBRD(02)2006/10 B4529 11/30/2022 11/30/2022 MONOGRAPH